| 000 | 00557nam a2200181 a 4500 | ||
|---|---|---|---|
| 001 | 000017141 | ||
| 005 | 20240412074245.0 | ||
| 008 | 100318s1943 dr 000 p spa d | ||
| 040 |
_aDO-SdBNP _bspa _cBNPHU |
||
| 082 |
_aRD861.42 _bM615l |
||
| 100 | 1 |
_aMeyreles Soler, Rafael _937745 |
|
| 245 | 1 | 0 |
_aLontananza adentro : _b(versos) / _cRafael Meyreles Soler. |
| 260 |
_aSantiago, República Dominicana : _bLa Información, _c1943. |
||
| 300 |
_a48 p. ; _c22 cm. |
||
| 650 | 0 |
_aPoesía dominicana _966 |
|
| 650 | 0 |
_aLiteratura dominicana. _967 |
|
| 049 | _aBNPD | ||
| 999 |
_c16667 _d16667 |
||